| 000 | 01339cam a22002413a 4500 | ||
|---|---|---|---|
| 001 | 31480 | ||
| 003 | PGUSA | ||
| 005 | 20140828083700.0 | ||
| 008 | 100303s2010||||xxu|||||s|||||000 e eng d | ||
| 040 |
_aPGUSA _beng |
||
| 042 | _adc | ||
| 050 | 4 | _aPS | |
| 100 | 1 |
_aDay, Clarence, _d1874-1935 |
|
| 245 | 1 | 4 |
_aThe Crow's Nest _h[electronic resource] / _cClarence Day |
| 260 |
_bProject Gutenberg, _c2010 |
||
| 505 | 0 | _aThe three tigers -- As they go riding by -- A man gets up in the morning -- Odd countries -- On cows -- Stroom and Graith -- Legs vs. architects -- To Phoebe -- Sex, religion and business -- An ode to trade -- Objections to reading -- The enjoyment of gloom -- Buffoon fate -- The wrong lampman -- The seamy side of Fabre -- In his baby blue ship -- The man who knew gods -- Improving the lives of the rich -- From Noah to now -- Sic semper dissenters -- Humpty Dumpty and Adam -- How it looks to a fish -- A hopeful old bigamist -- The revolt of capital -- Still reading away -- A wild Polish hero -- Mrs. P.'s side of it -- The death of Logan -- Portrait of a lady -- Grandfather's three lives -- Story of a farmer. | |
| 506 | _aPublic domain in the USA. | ||
| 516 | _aElectronic text | ||
| 653 | _aEssays | ||
| 830 | 0 |
_aProject Gutenberg _v31480 |
|
| 856 | 4 | 0 | _uhttp://www.gutenberg.org/ebooks/31480 |
| 942 | _cEB | ||
| 999 |
_c260735 _d260735 |
||